Introducción al derecho procesal
Kaydedildi:
| Yazar: | |
|---|---|
| Materyal Türü: | Kitap |
| Dil: | İspanyolca |
| Baskı/Yayın Bilgisi: |
Santiago
Fallos del Mes
1983
|
| Konular: | |
| Etiketler: |
Etiketle
Etiket eklenmemiş, İlk siz ekleyin!
|
MARC
| LEADER | 00000nam a2200000 a 4500 | ||
|---|---|---|---|
| 001 | UCS0461 | ||
| 003 | CL-VaPUC | ||
| 008 | 970426e19830000CL |||||||||||||||||spa|d | ||
| 082 | 0 | 4 | |a 347 |b QUE |2 21 |
| 100 | |a Quezada Meléndez, José |e autor |9 541932 | ||
| 245 | 1 | 0 | |a Introducción al derecho procesal |
| 300 | |a 173 p | ||
| 942 | |c BK | ||
| 945 | |d 19970426 00:00:00 |a cmena | ||
| 260 | |a Santiago |b Fallos del Mes |c 1983 | ||
| 650 | 0 | |a Procedimiento penal |9 254974 | |
| 650 | 0 | |a Derecho procesal penal |9 256392 | |
| 650 | 7 | |a LEGISLACION |2 CL-VaPUC |9 384003 | |
| 650 | 0 | |a Jurisprudencia |9 255952 | |
| 650 | 0 | |a Delincuencia |9 335739 | |
| 650 | 0 | |a Derecho comparado |9 255664 | |
| 651 | 7 | |a CHILE |2 CL-VaPUC |9 384004 | |
| 651 | 0 | |a España |9 254926 | |
| 583 | |a last modification |c 19970426 00:00:00 |k Rodrigo Vera | ||
| 999 | |c 258689 |d 258687 | ||
| 952 | |0 0 |1 0 |4 0 |6 347_000000000000000_QUE_1983 |7 0 |8 A |9 282958 |a BIBDER |b BIBDER |d 2019-11-19 |i 1837710 |l 1 |o 347 QUE 1983 |p 1837710 |r 2025-03-25 |s 2025-03-19 |w 2019-11-19 |y BK |k DER | ||